| 000 | 00302cam a2200109ua 4500 | ||
|---|---|---|---|
| 082 |
_a333.913 _bICI/SI |
||
| 100 |
_aICID, . _91613 |
||
| 245 | 0 | 0 | _aSixteenth Congress on Irrigation and Drainage,Egypt- 1996-Transactions vol-1-H |
| 260 |
_a : _bICID and CIID , _c1996. |
||
| 300 | _a22 ; . | ||
| 942 | _cREF | ||
| 999 |
_c5768 _d5768 |
||